| 000 | 00368nam a2200157Ia 4500 | ||
|---|---|---|---|
| 008 | 230605s1997 xx 000 0 und d | ||
| 041 | _aeng | ||
| 100 | _aKasavana | ||
| 245 | _aHospitality industry computer system | ||
| 260 |
_bEducation Instt. Pub. _c1997 _c1997 |
||
| 300 | _a329 | ||
| 365 | _b180 | ||
| 500 | _a133 | ||
| 520 | _aGeneral | ||
| 650 | _aComputer | ||
| 999 |
_c418111 _d418111 |
||